| 000 | 01150 a2200289 4500 | ||
|---|---|---|---|
| 003 | Nust | ||
| 005 | 20170207154044.0 | ||
| 010 | _a 2007464755 | ||
| 020 | _a0470029803 ($120.00) | ||
| 020 | _a9780470029800 ($120.00) | ||
| 035 | _a(OCoLC)ocm76909674 | ||
| 040 | _cNust | ||
| 082 | _a621.3822 | ||
| 100 | 1 | _aGraham, Adrian W. | |
| 245 | 1 | 0 |
_aMobile radio network design in the VHF and UHF bands :a practical approach - (E-BOOK) _cAdrian W. Graham, Nicholas C. Kirkman, Peter M. Paul. |
| 260 |
_aChichester, West Sussex ; _aHoboken, NJ : _bJohn Wiley, _cc2007 |
||
| 300 |
_axxi, 399 p. : _bill. ; _c26 cm. |
||
| 505 | _aPART ONE (Page-1),PART TWO (Page-103). | ||
| 650 | 0 | _aShortwave radio. | |
| 650 | 0 | _aWireless communication systems. | |
| 651 | _aE-BOOK | ||
| 700 | 1 | _aKirkman, Nicholas C. | |
| 700 | 1 | _aPaul, Peter M. | |
| 856 | 4 | 2 |
_3Contributor biographical information _uhttp://www.loc.gov/catdir/enhancements/fy0745/2007464755-b.html |
| 856 | 4 | 2 |
_3Publisher description _uhttp://www.loc.gov/catdir/enhancements/fy0745/2007464755-d.html |
| 856 | 4 | 2 |
_3Table of contents only _uhttp://www.loc.gov/catdir/enhancements/fy0745/2007464755-t.html |
| 942 |
_2ddc _cBK |
||
| 999 |
_c192758 _d192758 |
||